[Event "Wch Seniors 65 32nd"]
[Site "Porto Santo"]
[Date "2024.11.28"]
[Round "11"]
[White "Biro, Sandor"]
[Black "Legky, Nikolay A"]
[Result "0-1"]
[WhiteElo "2054"]
[BlackElo "2338"]
[PlyCount "96"]
[EventDate "2024.11.17"]
[EventType "swiss"]
[EventRounds "11"]
[EventCountry "POR"]
[SourceTitle "CB49_2024"]
[SourceDate "2024.12.04"]
[SourceVersion "1"]
[SourceVersionDate "2024.12.04"]
[SourceQuality "1"]

1. e4 g6 2. d4 Bg7 3. Nc3 d6 4. Bc4 Nf6 5. Qe2 Nc6 6. e5 Ng4 7. e6 Nxd4 8. Qxg4 Nxc2+ 9. Kf1 f5 10. Qd1 Nxa1 11. Bf4 c6 12. Qxa1 d5 13. Bb3 Bxe6 14. Nf3 Bf7 15. Qe1 0-0 16. Be5 Bxe5 17. Nxe5 Qd6 18. f4 b5 19. h4 h5 20. Rh3 b4 21. Ne2 c5 22. Rd3 e6 23. Rg3 Kh7 24. Ng1 Be8 25. Nh3 Rf6 26. Ng5+ Kh6 27. Kg1 c4 28. Bd1 Qc5+ 29. Kh2 Qd4 30. Nef3 Qxf4 31. Nxe6 Qe4 32. Qxe4 dxe4 33. Nc7 f4 34. Rg5 Rd8 35. Nxe8 Rxe8 36. Ne5 f3 37. gxf3 exf3 38. Nxf3 Re4 39. Kg3 Rc6 40. Ne5 Re6 41. Nxg6 c3 42. bxc3 bxc3 43. Nf8 Rd6 44. Bf3 Rc4 45. Rxh5+ Kg7 46. Nh7 c2 47. Ng5 c1Q 48. Rh7+ Kg8 0-1

[Event "Wch Seniors 65 32nd"]
[Site "Porto Santo"]
[Date "2024.11.25"]
[Round "8"]
[White "Legky, Nikolay A"]
[Black "Van Meter, Lester"]
[Result "1/2-1/2"]
[WhiteElo "2338"]
[BlackElo "1858"]
[PlyCount "112"]
[EventDate "2024.11.17"]
[EventType "swiss"]
[EventRounds "11"]
[EventCountry "POR"]
[SourceTitle "CB49_2024"]
[SourceDate "2024.12.04"]
[SourceVersion "1"]
[SourceVersionDate "2024.12.04"]
[SourceQuality "1"]

1. d4 c5 2. d5 Nf6 3. c4 e6 4. Nc3 exd5 5. cxd5 d6 6. e4 g6 7. f4 Bg7 8. e5 Nfd7 9. Nb5 dxe5 10. Nd6+ Ke7 11. Nxc8+ Qxc8 12. Nf3 Rd8 13. fxe5 Nxe5 14. Nxe5 Bxe5 15. Bc4 Rd6 16. 0-0 Kf8 17. Bg5 Nd7 18. Qe2 Bd4+ 19. Kh1 Ne5 20. Rae1 Qc7 21. Bf4 Re8 22. Bb5 Re7 23. Bg5 a6 24. Bxe7+ Qxe7 25. Bd3 Qh4 26. Be4 g5 27. g3 Qg4 28. Qxg4 Nxg4 29. Rf5 h6 30. Ref1 f6 31. R5f3 Ne3 32. Re1 Nxd5 33. Rd1 Ke7 34. Bxd5 Rxd5 35. g4 Rd6 36. b3 Re6 37. Rh3 Re4 38. Rxh6 b5 39. Rh7+ Ke6 40. Ra7 Rxg4 41. Rxa6+ Ke5 42. Re1+ Kd5 43. Ra8 Be5 44. a3 Rh4 45. Rd1+ Kc6 46. Ra6+ Kb7 47. Re6 Rxh2+ 48. Kg1 Rh7 49. Kg2 Kc7 50. Rd5 Rh2+ 51. Kf1 Rc2 52. b4 cxb4 53. axb4 Rc6 54. Re7+ Kb6 55. Rdd7 Rc4 56. Re6+ Rc6 1/2-1/2

[Event "Wch Seniors 65 32nd"]
[Site "Porto Santo"]
[Date "2024.11.24"]
[Round "7"]
[White "Baimurzin, Aitkazy"]
[Black "Legky, Nikolay A"]
[Result "1-0"]
[WhiteElo "1910"]
[BlackElo "2338"]
[PlyCount "79"]
[EventDate "2024.11.17"]
[EventType "swiss"]
[EventRounds "11"]
[EventCountry "POR"]
[SourceTitle "CB49_2024"]
[SourceDate "2024.12.04"]
[SourceVersion "1"]
[SourceVersionDate "2024.12.04"]
[SourceQuality "1"]

1. c4 e6 2. g3 d5 3. Bg2 d4 4. Nf3 Nc6 5. 0-0 g6 6. d3 Bg7 7. Na3 Nge7 8. Rb1 a5 9. Nc2 0-0 10. b3 h6 11. a3 Rb8 12. Bd2 Kh7 13. b4 axb4 14. axb4 b5 15. cxb5 Na7 16. Na3 Nxb5 17. Nxb5 Rxb5 18. Qc2 Nd5 19. Qc4 Ba6 20. Rfc1 Nc3 21. Bxc3 dxc3 22. d4 Rb6 23. b5 Qb8 24. Qxc3 c6 25. Nd2 cxb5 26. Qb4 Rd8 27. Qe7 Rxd4 28. Nb3 Rc4 29. Qxf7 Qe5 30. Na5 Rxc1+ 31. Rxc1 b4 32. Nb3 Bxe2 33. Rc7 Rd6 34. h4 Bd3 35. Nc5 Bf5 36. Ne4 Rd1+ 37. Kh2 Rc1 38. Rb7 Bxe4 39. Bxe4 Kh8 40. Qxg6 1-0

[Event "WchT Seniors 65"]
[Site "Krakow"]
[Date "2024.07.03"]
[Round "2.2"]
[White "Legky, Nikolay A"]
[Black "Soderberg, Per"]
[Result "1-0"]
[WhiteElo "2330"]
[BlackElo "2015"]
[PlyCount "39"]
[EventDate "2024.07.02"]
[EventType "team-swiss"]
[EventRounds "9"]
[EventCountry "POL"]
[SourceTitle "CBM 221 Extra"]
[Source "ChessBase"]
[SourceDate "2024.09.30"]
[SourceVersion "1"]
[SourceVersionDate "2024.09.30"]
[SourceQuality "1"]
[WhiteTeam "France Strasbourg 65"]
[BlackTeam "Sweden 65"]
[WhiteTeamCountry "FRA"]
[BlackTeamCountry "SWE"]

1. d4 d5 2. Bf4 Nf6 3. e3 c5 4. c3 e6 5. Nf3 Nc6 6. Nbd2 cxd4 7. exd4 Bd6 8. Bg3 0-0 9. Bd3 Re8 10. Ne5 Bxe5 11. dxe5 Nd7 12. f4 Qb6 13. b4 Qe3+ 14. Qe2 Qxe2+ 15. Kxe2 b6 16. Bf2 Bb7 17. Nf3 h6 18. Nd4 a6 19. a4 Nxd4+ 20. Bxd4 1-0

[Event "EU-chT Seniors 65"]
[Site "Swidnica"]
[Date "2023.07.20"]
[Round "9.7"]
[White "Thuesen, Mogens Henrik"]
[Black "Legky, Nikolay A"]
[Result "0-1"]
[WhiteElo "2094"]
[BlackElo "2360"]
[PlyCount "124"]
[EventDate "2023.07.12"]
[EventType "team-swiss"]
[EventRounds "9"]
[EventCountry "POL"]
[SourceTitle "CBM 215 Extra"]
[Source "ChessBase"]
[SourceDate "2023.09.30"]
[SourceVersion "1"]
[SourceVersionDate "2023.09.30"]
[SourceQuality "1"]
[WhiteTeam "Denmark 65"]
[BlackTeam "Strasbourg 65"]
[WhiteTeamCountry "DEN"]
[BlackTeamCountry "FRA"]

1. e4 c5 2. Nf3 e6 3. d4 cxd4 4. Nxd4 a6 5. Nc3 Qc7 6. g3 b5 7. Bg2 Bb7 8. 0-0 d6 9. a3 Nf6 10. h3 Be7 11. Nde2 Nbd7 12. g4 Nc5 13. Ng3 0-0 14. g5 Nfd7 15. f4 Rfe8 16. h4 Rad8 17. Qg4 Bf8 18. Bd2 d5 19. exd5 Nb6 20. f5 Nxd5 21. Nxd5 Bxd5 22. Bxd5 Rxd5 23. fxe6 Nxe6 24. Bc3 Nd4 25. Rf2 Qc4 26. Rf4 Ne2+ 27. Nxe2 Qxe2 28. Qxe2 Rxe2 29. Re1 Rde5 30. Kf1 Rxe1+ 31. Bxe1 Re6 32. a4 h6 33. axb5 axb5 34. Rf5 hxg5 35. Rxb5 gxh4 36. Bxh4 f6 37. c4 Re4 38. Bg3 Rxc4 39. Ke2 g5 40. Rb7 Rb4 41. Rxb4 Bxb4 42. Kd3 f5 43. Bc7 Kf7 44. Kc4 Be1 45. b4 f4 46. b5 Ke6 47. b6 Kd7 48. Kd3 Bb4 49. Be5 Bd6 50. Bd4 Ke6 51. Ke4 g4 52. Bg1 f3 53. Bf2 Kf6 54. Kd5 Bb8 55. Ke4 Kg5 56. Be1 Kh5 57. Bf2 Bh2 58. Ke3 Kg6 59. Ke4 Kg5 60. b7 Bb8 61. Be3+ Kg6 62. Bf4 f2 0-1

[Event "EU-chT Seniors 65"]
[Site "Swidnica"]
[Date "2023.07.17"]
[Round "6.3"]
[White "Legky, Nikolay A"]
[Black "Hardicsay, Peter"]
[Result "1/2-1/2"]
[WhiteElo "2360"]
[BlackElo "2180"]
[PlyCount "83"]
[EventDate "2023.07.12"]
[EventType "team-swiss"]
[EventRounds "9"]
[EventCountry "POL"]
[SourceTitle "CBM 215 Extra"]
[Source "ChessBase"]
[SourceDate "2023.09.30"]
[SourceVersion "1"]
[SourceVersionDate "2023.09.30"]
[SourceQuality "1"]
[WhiteTeam "Strasbourg 65"]
[BlackTeam "Hungary 65"]
[WhiteTeamCountry "FRA"]
[BlackTeamCountry "HUN"]

1. b3 b6 2. Bb2 Bb7 3. Nf3 c5 4. e3 Nf6 5. d4 e6 6. c4 cxd4 7. exd4 Bb4+ 8. Nbd2 0-0 9. Bd3 d5 10. 0-0 Nbd7 11. Qe2 Rc8 12. Rad1 Qc7 13. Rc1 Qf4 14. a3 dxc4 15. bxc4 Bxd2 16. Nxd2 Qh6 17. Rc3 Rfe8 18. Rd1 Qg5 19. Nf3 Qg4 20. Bc2 e5 21. d5 e4 22. Nd4 Qxe2 23. Nxe2 Ba6 24. Nd4 Rxc4 25. Rxc4 Bxc4 26. d6 g6 27. Nc6 Re6 28. Nxa7 Bd3 29. Bxd3 exd3 30. Nb5 Ne4 31. Kf1 Ndc5 32. d7 Nxd7 33. Rxd3 Nec5 34. Rd1 f5 35. Nc7 Rc6 36. Nd5 Kf7 37. Nb4 Re6 38. Re1 Rxe1+ 39. Kxe1 Ke6 40. Ke2 Ne5 41. Bd4 Nc4 42. Nc2 1/2-1/2

[Event "EU-chT Seniors 65"]
[Site "Dresden"]
[Date "2022.11.04"]
[Round "9.1"]
[White "Huss, Andreas"]
[Black "Legky, Nikolay A"]
[Result "1-0"]
[WhiteElo "2222"]
[BlackElo "2350"]
[PlyCount "139"]
[EventDate "2022.10.27"]
[EventType "team-swiss"]
[EventRounds "9"]
[EventCountry "GER"]
[SourceTitle "EXT 2024"]
[Source "ChessBase"]
[SourceDate "2023.10.10"]
[SourceVersion "1"]
[SourceVersionDate "2023.10.10"]
[SourceQuality "1"]
[WhiteTeam "Schweiz 65"]
[BlackTeam "Strasbourg 65"]
[WhiteTeamCountry "SUI"]
[BlackTeamCountry "FRA"]

1. d4 Nf6 2. c4 e6 3. Nf3 b6 4. a3 c5 5. dxc5 bxc5 6. Nc3 Bb7 7. Qb3 Qc8 8. Bf4 Nh5 9. Bg5 h6 10. Bh4 Nc6 11. e3 Rb8 12. Qc2 Ba8 13. Rd1 Qb7 14. Rd2 g5 15. Bg3 Nxg3 16. hxg3 Bg7 17. Nb5 Ke7 18. Qd3 a6 19. Qd6+ Kd8 20. Nxg5 Ne5 21. Nc3 Rc8 22. Nce4 Qc6 23. f4 hxg5 24. Rxh8+ Bxh8 25. fxe5 Bxe5 26. Qxe5 Qxe4 27. Qxg5+ Kc7 28. Qxc5+ Bc6 29. Qa5+ Kb8 30. Qb6+ Bb7 31. Rxd7 Ka8 32. Rd8 Qe5 33. Rxc8+ Bxc8 34. Kf2 Qf5+ 35. Kg1 Bb7 36. Qd8+ Ka7 37. Qd4+ Ka8 38. Qd8+ Ka7 39. Qd4+ Ka8 40. Bd3 Qg5 41. Qf4 Qd8 42. Qd4 Qg5 43. Kf2 Qa5 44. Be2 Qa4 45. Qd8+ Ka7 46. c5 Qc6 47. Qb6+ Qxb6 48. cxb6+ Kxb6 49. g4 f6 50. Kg3 e5 51. Bf3 Bc8 52. Bd5 Kc5 53. Bf7 Bb7 54. b4+ Kb5 55. Bb3 a5 56. bxa5 Kxa5 57. Kh3 Bc6 58. g3 Be8 59. Bc2 Kb5 60. Bd3+ Ka4 61. g5 fxg5 62. Kg4 Kxa3 63. Kxg5 Kb4 64. Kf6 Kc3 65. Bf5 e4 66. Ke5 Kd3 67. Kf4 Kc4 68. Bxe4 Kc5 69. Ke5 Bd7 70. Bf5 1-0

[Event "EU-chT Seniors 65"]
[Site "Dresden"]
[Date "2022.10.31"]
[Round "5.1"]
[White "Boidman, Yuri"]
[Black "Legky, Nikolay A"]
[Result "0-1"]
[WhiteElo "2309"]
[BlackElo "2350"]
[PlyCount "79"]
[EventDate "2022.10.27"]
[EventType "team-swiss"]
[EventRounds "9"]
[EventCountry "GER"]
[SourceTitle "EXT 2024"]
[Source "ChessBase"]
[SourceDate "2023.10.10"]
[SourceVersion "1"]
[SourceVersionDate "2023.10.10"]
[SourceQuality "1"]
[WhiteTeam "Germany 65 III"]
[BlackTeam "Strasbourg 65"]
[WhiteTeamCountry "GER"]
[BlackTeamCountry "FRA"]

1. e4 c6 2. Nf3 d5 3. d3 dxe4 4. dxe4 Qxd1+ 5. Kxd1 Nf6 6. Nfd2 g5 7. Bc4 h5 8. c3 Nbd7 9. a4 Ne5 10. Na3 Bh6 11. Re1 g4 12. Bf1 Be6 13. Ndc4 Nfd7 14. Kc2 Bxc1 15. Raxc1 a5 16. b3 h4 17. Be2 Rg8 18. Rcd1 Rg5 19. Nxe5 Nxe5 20. Bc4 Bxc4 21. Nxc4 Nxc4 22. bxc4 Rc5 23. Rd3 Rxc4 24. h3 Rxa4 25. Kb3 b5 26. hxg4 c5 27. Rd5 c4+ 28. Kb2 b4 29. Rh5 Ra6 30. e5 b3 31. Rd1 Ra2+ 32. Kb1 f6 33. Rh8+ Kf7 34. Rh7+ Kg6 35. Rxe7 Rxf2 36. Rdd7 a4 37. Rg7+ Kh6 38. g5+ Kh5 39. Rh7+ Kxg5 40. Rdg7+ 0-1

[Event "EU-chT Seniors 65"]
[Site "Dresden"]
[Date "2022.10.28"]
[Round "2.1"]
[White "Viglundsson, Bjorgvin"]
[Black "Legky, Nikolay A"]
[Result "0-1"]
[WhiteElo "2205"]
[BlackElo "2350"]
[PlyCount "86"]
[EventDate "2022.10.27"]
[EventType "team-swiss"]
[EventRounds "9"]
[EventCountry "GER"]
[SourceTitle "EXT 2024"]
[Source "ChessBase"]
[SourceDate "2023.10.10"]
[SourceVersion "1"]
[SourceVersionDate "2023.10.10"]
[SourceQuality "1"]
[WhiteTeam "Iceland 65"]
[BlackTeam "Strasbourg 65"]
[WhiteTeamCountry "ISL"]
[BlackTeamCountry "FRA"]

1. d4 f5 2. Bg5 g6 3. Nf3 Bg7 4. e3 d6 5. Bc4 Nc6 6. Nc3 Qd7 7. Qe2 a6 8. Rd1 b5 9. Bb3 Bb7 10. e4 Na5 11. Bd5 c6 12. Bxg8 Rxg8 13. exf5 gxf5 14. 0-0 Nc4 15. Rfe1 Bf8 16. Bc1 0-0-0 17. Ng5 Nxb2 18. Bxb2 Rxg5 19. Bc1 Rg6 20. d5 cxd5 21. Nxd5 Bxd5 22. Rxd5 Qb7 23. Qf3 e6 24. Rd3 Qxf3 25. Rxf3 d5 26. Rh3 h6 27. Ba3 b4 28. Bb2 Kd7 29. a3 Rc8 30. Re2 Rg4 31. Rb3 a5 32. axb4 axb4 33. Be5 Re4 34. Rxe4 fxe4 35. Rb2 Bd6 36. Bxd6 Kxd6 37. Kf1 Kc5 38. Ke2 Rg8 39. g3 Ra8 40. f3 exf3+ 41. Kxf3 Kc4 42. Kf4 Ra4 43. Rb3 Ra2 0-1

[Event "Kiel op 34th"]
[Site "Kiel"]
[Date "2022.07.30"]
[Round "1"]
[White "Legky, Nikolay A"]
[Black "Suhr, Michael"]
[Result "1-0"]
[WhiteElo "2374"]
[BlackElo "1672"]
[PlyCount "79"]
[EventDate "2022.07.30"]
[EventType "swiss"]
[EventRounds "9"]
[EventCountry "GER"]
[SourceTitle "CBM 209 Extra"]
[Source "ChessBase"]
[SourceDate "2022.09.30"]
[SourceVersion "1"]
[SourceVersionDate "2022.09.30"]
[SourceQuality "1"]

1. d4 Nf6 2. c4 e6 3. Nc3 d5 4. Nf3 Bb4 5. cxd5 Nxd5 6. Qc2 0-0 7. e4 Ne7 8. a3 Bxc3+ 9. bxc3 Ng6 10. h4 h5 11. Bd3 e5 12. Nxe5 Nxe5 13. dxe5 Nc6 14. f4 Bg4 15. Be2 Qd7 16. Be3 Rad8 17. Bxg4 Qxg4 18. Qe2 Qg3+ 19. Qf2 Qxf2+ 20. Kxf2 Rd3 21. Rac1 Rfd8 22. Ke2 b6 23. Rhd1 Rxd1 24. Rxd1 Rxd1 25. Kxd1 Na5 26. Ke2 Nc4 27. Bc1 b5 28. Kd3 c5 29. Ke2 Kf8 30. Be3 Nxe3 31. Kxe3 Ke7 32. c4 b4 33. axb4 cxb4 34. c5 b3 35. Kd3 a5 36. Kc3 a4 37. f5 Kd7 38. f6 gxf6 39. exf6 Ke6 40. c6 1-0

[Event "Altenkirchen Seniors op 19th"]
[Site "Altenkirchen"]
[Date "2022.07.22"]
[Round "4"]
[White "Legky, Nikolay A"]
[Black "Huettemann, Karl Heinz"]
[Result "1/2-1/2"]
[WhiteElo "2374"]
[BlackElo "2062"]
[PlyCount "188"]
[EventDate "2022.07.19"]
[EventType "swiss"]
[EventRounds "9"]
[EventCountry "GER"]
[SourceTitle "CBM 209 Extra"]
[Source "ChessBase"]
[SourceDate "2022.09.30"]
[SourceVersion "1"]
[SourceVersionDate "2022.09.30"]
[SourceQuality "1"]

1. d4 d5 2. Nf3 Nf6 3. Bg5 e6 4. e3 Be7 5. c4 0-0 6. Nc3 Nbd7 7. cxd5 exd5 8. Bd3 Re8 9. Qc2 c6 10. h3 Nf8 11. Bf4 Ng6 12. Bh2 Bd6 13. Bxd6 Qxd6 14. 0-0-0 Be6 15. Kb1 Rec8 16. Rc1 b5 17. Ng5 Nf8 18. f4 a6 19. Ne2 Bd7 20. Nf3 Ra7 21. Ne5 Be8 22. g4 Rac7 23. Qc5 Qxc5 24. Rxc5 N6d7 25. Rc3 f6 26. Nf3 Bg6 27. f5 Bf7 28. Ng3 c5 29. dxc5 Rxc5 30. Rxc5 Rxc5 31. Nd4 Ne5 32. Rd1 Nfd7 33. Nge2 Nb6 34. Nf4 Rc8 35. b3 Kf8 36. Bf1 g5 37. Nd3 Nxd3 38. Bxd3 Ke7 39. Rc1 Rxc1+ 40. Kxc1 Kd6 41. Kd2 h5 42. Kc3 hxg4 43. hxg4 Kc5 44. b4+ Kd6 45. Nb3 Nd7 46. Kd4 Ne5 47. Nc5 Nc6+ 48. Kc3 Nb8 49. a4 Be8 50. a5 Ke5 51. Bf1 Bd7 52. Bg2 Bc8 53. Nd3+ Kd6 54. e4 d4+ 55. Kxd4 Nc6+ 56. Kc3 Ne5 57. Nf2 Bd7 58. Bf1 Bc8 59. Be2 Bb7 60. Kd4 Nc6+ 61. Kc3 Ne5 62. Bd1 Ba8 63. Bb3 Bb7 64. Be6 Kc7 65. Bd5 Bc8 66. Kd4 Kd6 67. Ba8 Nf3+ 68. Kd3 Ne5+ 69. Ke3 Kc7 70. Ke2 Kd6 71. Kf1 Kc7 72. Kg2 Bd7 73. Bd5 Bc8 74. Kg3 Kd6 75. Kg2 Kc7 76. Kf1 Kd6 77. Ke2 Kc7 78. Ke3 Kd6 79. Ba8 Nc4+ 80. Kd4 Ne5 81. Bd5 Nf3+ 82. Kd3 Ne5+ 83. Ke3 Kc7 84. Nd3 Nxg4+ 85. Kd4 Kd6 86. Nc5 Ne5 87. Bb7 Bxb7 88. Nxb7+ Ke7 89. Nc5 Nc6+ 90. Kc3 Nb8 91. Kd3 Kd6 92. Ke2 Ke5 93. Ke3 Kd6 94. Ke2 Ke5 1/2-1/2

[Event "Basel op"]
[Site "Basel"]
[Date "2020.01.05"]
[Round "6"]
[White "Legky, Nikolay A"]
[Black "Schmidt Schaeffer, Sebastian"]
[Result "0-1"]
[WhiteElo "2430"]
[BlackElo "2335"]
[PlyCount "78"]
[EventDate "2020.01.02"]
[EventType "swiss"]
[EventRounds "7"]
[EventCountry "SUI"]
[SourceTitle "CBM 194 Extra"]
[Source "ChessBase"]
[SourceDate "2020.03.31"]
[SourceVersion "1"]
[SourceVersionDate "2020.03.31"]
[SourceQuality "1"]

1. d4 d5 2. c4 e6 3. Nc3 Nf6 4. cxd5 exd5 5. Bg5 Be7 6. e3 0-0 7. Bd3 c6 8. Qc2 Nbd7 9. h3 Re8 10. Nf3 Nf8 11. Bf4 Ng6 12. Bh2 Bd6 13. Bxd6 Qxd6 14. 0-0-0 b6 15. g4 Be6 16. Kb1 Rac8 17. g5 Nd7 18. h4 Bg4 19. Be2 Ne7 20. Rhg1 Bh5 21. Rd2 Qe6 22. Nh2 Bg6 23. Bd3 c5 24. Bxg6 hxg6 25. Nf3 a6 26. e4 cxd4 27. Rxd4 Qh3 28. Rg3 Qf1+ 29. Rd1 Qc4 30. exd5 Nf5 31. Rgg1 Qf4 32. Qa4 Qxf3 33. Qxd7 Qxf2 34. h5 Red8 35. Qb7 Ne3 36. Rc1 Rxc3 37. Rxc3 Qxg1+ 38. Rc1 Qxg5 39. a3 Qxd5 0-1

[Event "Imperia op-A 61st"]
[Site "Imperia"]
[Date "2019.09.08"]
[Round "9.2"]
[White "Legky, Nikolay A"]
[Black "Pavesi, Brando"]
[Result "1-0"]
[WhiteElo "2418"]
[BlackElo "1994"]
[PlyCount "115"]
[EventDate "2019.09.01"]
[EventType "swiss"]
[EventRounds "9"]
[EventCountry "ITA"]
[SourceTitle "EXT 2024"]
[Source "ChessBase"]
[SourceDate "2023.10.10"]
[SourceVersion "1"]
[SourceVersionDate "2023.10.10"]
[SourceQuality "1"]

1. d4 d5 2. c4 e6 3. Nc3 Nf6 4. cxd5 exd5 5. Bg5 Nbd7 6. e3 c6 7. Bd3 Be7 8. Qc2 0-0 9. Nf3 Re8 10. h3 Nf8 11. 0-0 g6 12. Rab1 a5 13. a3 Ne6 14. Bh4 Ng7 15. b4 axb4 16. axb4 Bf5 17. b5 Bxd3 18. Qxd3 Nf5 19. Bxf6 Bxf6 20. bxc6 bxc6 21. Rfc1 Nd6 22. Nd2 Ra3 23. Qc2 Qa5 24. Rb3 Rc8 25. Ncb1 Rxb3 26. Nxb3 Qa7 27. N1d2 Nb7 28. Qd3 Qb6 29. Rb1 Qc7 30. Qa6 Nd6 31. Na5 c5 32. Rb6 cxd4 33. Rxd6 dxe3 34. fxe3 Qc1+ 35. Nf1 Bg5 36. Nb3 Qc4 37. Qxc4 dxc4 38. Nd4 c3 39. Nc2 Kg7 40. Ng3 Bxe3+ 41. Nxe3 c2 42. Ne2 c1Q+ 43. Nxc1 Rxc1+ 44. Kf2 h5 45. Rd7 Kf6 46. Ra7 Rb1 47. Kf3 Rb3 48. Ra6+ Kg5 49. g3 Rb4 50. h4+ Kh6 51. Nf5+ Kh7 52. Nd6 Rb3+ 53. Kg2 Rb2+ 54. Kh3 f5 55. Nf7 Rb4 56. Ng5+ Kg7 57. Ne6+ Kf7 58. Nf4 1-0